000 00484nam a2200145 a 4500
008 120416s1966 ||||||||||||||||| || u
050 _aHD 2765 Bay
100 _aBaynes, T. A. Hamilton
245 1 0 _aShare valuations
260 _aLondon
_bHeinemann
_c1966
350 _a0.00
650 0 _aBUSINESS
650 _aMARKET SHARE
995 _D0.00
_FCBU-MAIN LIBRARY (Kitwe)
_H1
_I4.50
_M1
_UAVAILABLE
_ZAnnex Low-Usage Collection
999 _c57386
_d57386